000 00464cam a22001577a 4500
008 180718b1999 xxu||||| |||| 00| 0 eng d
020 _a817033502x
082 _aB131x54 R18
245 _aIndian cities: towards next millennium
_cedited by R. Ram Mohan Rao and S. Simhadri
260 _aJaipur
_bRawat Pub.
_c1999
300 _a243p.
650 _aCity planning - India
650 _aUrbanization - India
700 _aSimhadri, S.
700 _aRao, R. Ram Mohan
999 _c403273
_d403273